|
|
|
|
| LEADER |
00000nam0a2200000 4500 |
| 001 |
376408 |
| 005 |
20231101051949.0 |
| 010 |
|
|
|b 6000 экз.
|
| 035 |
|
|
|a (RuTPU)RU\TPU\retro\33848
|
| 035 |
|
|
|a RU\TPU\book\280936
|
| 090 |
|
|
|a 376408
|
| 100 |
|
|
|a 20221222d1936 m y0rusy50 ca
|
| 101 |
0 |
|
|a rus
|
| 102 |
|
|
|a RU
|
| 105 |
|
|
|a a z 001zy
|
| 200 |
1 |
|
|a Основы расчета статически неопределимых систем
|f С. А. Бернштейн
|
| 210 |
|
|
|a Москва
|c Главная редакция строительной литературы
|d 1936
|a Ленинград
|
| 215 |
|
|
|a 223 с.
|c ил.
|
| 320 |
|
|
|a Библиогр.: с. 219.
|
| 610 |
1 |
|
|a строительная механика
|
| 610 |
1 |
|
|a стержневые системы
|
| 610 |
1 |
|
|a балки
|
| 610 |
1 |
|
|a рамы
|
| 610 |
1 |
|
|a арки
|
| 610 |
1 |
|
|a фермы
|
| 610 |
1 |
|
|a канонические уравнения
|
| 610 |
1 |
|
|a статически определимые системы
|
| 610 |
1 |
|
|a учебные пособия
|
| 610 |
1 |
|
|a коллекция русских учебников
|
| 675 |
|
|
|a 624.04
|v 3
|
| 700 |
|
1 |
|a Бернштейн
|b С. А.
|
| 801 |
|
1 |
|a RU
|b 63413507
|c 20140422
|
| 801 |
|
2 |
|a RU
|b 63413507
|c 20221222
|g RCR
|
| 942 |
|
|
|c BK
|